[Event "Ä13Â"]
[Site "Loo"]
[Date "2017.04.28"]
[Round "9.27"]
[White "Ëîñåâà, Ìàðãàðèòà."]
[Black "Áàêóëîâà, Òàòüÿíà."]
[Result "1/2-1/2"]
[WhiteElo "1439"]
[BlackElo "1395"]
[PlyCount "86"]
[EventDate "2017.04.20"]

1. e4 e6 2. d4 d5 3. Nd2 Nf6 4. e5 Nfd7 5. f4 c5 6. c3 Nc6 7. Ndf3 f6 8. Ne2
cxd4 9. cxd4 Qa5+ 10. Bd2 Bb4 11. a3 Bxd2+ 12. Qxd2 Qxd2+ 13. Kxd2 Ke7 14. Nc3
a6 15. Bd3 Na5 16. Kc2 Nb6 17. b3 g6 18. exf6+ Kxf6 19. Rhe1 Nc6 20. Re3 Bd7
21. Rae1 Rae8 22. g4 Rhf8 23. Ne2 Kg7 24. Ne5 Nxe5 25. Rxe5 Rf7 26. h3 Bc8 27.
f5 Bd7 28. Ng3 Rc8+ 29. Kb2 exf5 30. gxf5 gxf5 31. Bxf5 Bxf5 32. Nxf5+ Kf8 33.
Nd6 Rf2+ 34. R1e2 Rxe2+ 35. Rxe2 Rc7 36. Re8+ Kg7 37. Rb8 Kg6 38. Rg8+ Kh5 39.
Ne8 Rf7 40. Nd6 Re7 41. Rg2 Rd7 42. Nf5 Rf7 43. Nd6 Rf3 1/2-1/2

[Event "Ä13Â"]
[Site "Loo"]
[Date "2017.04.28"]
[Round "9.28"]
[White "Àáðàìîâà, Òàòüÿíà."]
[Black "Êîìëåâà, Àííà."]
[Result "0-1"]
[WhiteElo "1508"]
[BlackElo "1472"]
[PlyCount "76"]
[EventDate "2017.04.20"]

1. e4 e5 2. Nc3 Nf6 3. Bc4 Bc5 4. d3 d6 5. f4 Ng4 6. Nh3 Qh4+ 7. Ke2 Nf2 8. Qf1
Bxh3 9. gxh3 Qh5+ 10. Kd2 Qf3 11. Nd5 Kd8 12. b4 Qxh1 13. Qxh1 Nxh1 14. bxc5
Nf2 15. cxd6 cxd6 16. Bb2 Nxh3 17. fxe5 dxe5 18. Bxe5 Rg8 19. Nc7 Nc6 20. Bg3
Rc8 21. Bxf7 Rh8 22. Be6 Rxc7 23. Bxc7+ Kxc7 24. Bxh3 Rf8 25. Ke3 Nb4 26. Rc1
Nxa2 27. Rg1 g6 28. Rg5 Nb4 29. Rc5+ Kb6 30. Rc4 Nc6 31. d4 a5 32. Rc5 a4 33.
c4 Rf3+ 34. Kxf3 Nxd4+ 35. Ke3 Kxc5 36. Bf1 a3 37. Bd3 a2 38. e5 a1=Q 0-1

[Event "Ì11Ï"]
[Site "Loo"]
[Date "2017.04.28"]
[Round "9.1"]
[White "Æåëàíîâ, Ñåìåí."]
[Black "ßóðîâ, Åãîð."]
[Result "1/2-1/2"]
[WhiteElo "1502"]
[BlackElo "1587"]
[PlyCount "99"]
[EventDate "2017.04.20"]

1. Nf3 d5 2. c4 e6 3. e3 Nf6 4. Nc3 a6 5. b3 dxc4 6. bxc4 b6 7. d4 Bb7 8. Bd3
c5 9. O-O Bd6 10. Rb1 O-O 11. Ba3 cxd4 12. Bxd6 Qxd6 13. Nxd4 Nbd7 14. Na4 Rab8
15. h3 Kh8 16. Nc3 Ne5 17. Be2 Rbd8 18. Qb3 Nfd7 19. Rfd1 Qc7 20. Na4 Rb8 21.
Rdc1 Ba8 22. Qa3 Qb7 23. Bf1 Rbc8 24. c5 b5 25. f4 Nc6 26. Nxc6 Qxc6 27. Nb6
Nxb6 28. cxb6 Qxb6 29. Rc3 Rcd8 30. Rd3 Rde8 31. Rbd1 Bd5 32. Rd4 a5 33. f5 b4
34. Qb2 f6 35. Qe2 g6 36. Rh4 Kg7 37. Rdd4 Rh8 38. Qf2 Bc6 39. Qg3 e5 40. Rd6
Qc5 41. Rxh7+ Rxh7 42. Qxg6+ Kf8 43. Qxh7 Qxd6 44. Bc4 Bd5 45. Qh6+ Ke7 46.
Qg7+ Kd8 47. Bxd5 Qxd5 48. Qxf6+ Kd7 49. Qg7+ Re7 50. Qg4 1/2-1/2

[Event "Ì11Ï"]
[Site "Loo"]
[Date "2017.04.28"]
[Round "9.2"]
[White "Ëåáçàê, ßðîñëàâ."]
[Black "Õàðêåâè÷, Ñòåïàí."]
[Result "1-0"]
[WhiteElo "1492"]
[BlackElo "1807"]
[PlyCount "85"]
[EventDate "2017.04.20"]

1. e4 c6 2. d4 d5 3. Nc3 dxe4 4. Nxe4 Bf5 5. Ng3 Bg6 6. h4 h5 7. N1e2 Nf6 8.
Nf4 Bh7 9. Be2 g6 10. c3 Nbd7 11. d5 cxd5 12. Nxd5 Bg7 13. Bf4 Nxd5 14. Qxd5
O-O 15. Rd1 Nf6 16. Qb3 Qa5 17. O-O e5 18. Bg5 Qc7 19. Rfe1 Kh8 20. Bf3 Rab8
21. Re2 Nd7 22. Be7 Nc5 23. Bxc5 Qxc5 24. Ne4 Qe7 25. Ng5 Bf6 26. Rde1 Bg8 27.
Bd5 Bxg5 28. Rxe5 Qd6 29. hxg5 f6 30. gxf6 Qxf6 31. f3 Bxd5 32. Qxd5 Rfd8 33.
Qe4 a6 34. Re6 Qf5 35. Qe3 g5 36. Re5 Qf7 37. Qxg5 Rg8 38. Qh4 Qg6 39. Rxh5+
Kg7 40. Rg5 Kf7 41. Rxg6 Kxg6 42. Re6+ Kf7 43. Qf6# 1-0

[Event "Ì11Ï"]
[Site "Loo"]
[Date "2017.04.28"]
[Round "9.3"]
[White "Ìàòâååâ, Àíäðåé."]
[Black "Êðèâîâ, Íèêèòà."]
[Result "1-0"]
[WhiteElo "1512"]
[BlackElo "1573"]
[PlyCount "77"]
[EventDate "2017.04.20"]

1. e4 c5 2. Nf3 g6 3. d4 cxd4 4. Nxd4 Nc6 5. Be3 Bg7 6. Nc3 Nf6 7. Bc4 O-O 8.
f3 d6 9. Qd2 Bd7 10. O-O-O a6 11. h4 Nxd4 12. Bxd4 b5 13. Bb3 a5 14. Nd5 a4 15.
Nxf6+ exf6 16. Bd5 Rc8 17. h5 g5 18. h6 Bh8 19. f4 Bc6 20. Rh5 Bxd5 21. exd5
Rc4 22. fxg5 Rxd4 23. Qxd4 fxg5 24. Qg4 Bf6 25. Rf1 Kh8 26. Qf5 Bd4 27. Kb1 a3
28. Rxg5 Bxb2 29. Rg3 Qa5 30. Qe4 Be5 31. Rgf3 Qd2 32. Rxa3 Rc8 33. Qf5 Qb4+
34. Rb3 Qc4 35. Re1 Kg8 36. Rg3+ Kf8 37. Rf1 Rc7 38. Rg8+ Kxg8 39. Qg5+ 1-0

[Event "Ì11Ï"]
[Site "Loo"]
[Date "2017.04.28"]
[Round "9.4"]
[White "Ä¸ìèíîâ, Èëüÿ."]
[Black "Ðóäíûé, Èëüÿ."]
[Result "0-1"]
[WhiteElo "1554"]
[BlackElo "1465"]
[PlyCount "142"]
[EventDate "2017.04.20"]

1. e4 c6 2. Nc3 d5 3. Nf3 Bg4 4. h3 Bxf3 5. Qxf3 e6 6. d4 dxe4 7. Qxe4 Nf6 8.
Qe3 Nbd7 9. Bd3 Qc7 10. O-O Be7 11. Kh1 O-O-O 12. a4 Nf8 13. a5 Ng6 14. a6 b6
15. Rb1 Nd5 16. Nxd5 Rxd5 17. Be4 Rdd8 18. Qf3 Bf6 19. Bxc6 Rxd4 20. Bb7+ Kb8
21. Be3 Rd6 22. Rfc1 Ne5 23. Qe2 Nc4 24. b4 Rhd8 25. b5 Nxe3 26. Qxe3 Qc5 27.
Qe4 Qd4 28. Qe2 Qe5 29. Qf1 Rd2 30. Bf3 Qf4 31. Rb3 Rxf2 32. Qxf2 Qxc1+ 33. Qg1
Qxc2 34. Rb1 Bd4 35. Qf1 Bc5 36. Rc1 Qd3 37. Be2 Qf5 38. Bf3 Qd3 39. Be2 Qf5
40. Qe1 Qe5 41. Qh4 g5 42. Qg4 Bd6 43. g3 Qxg3 44. Qxg3 Bxg3 45. Bf3 Bf4 46.
Rc4 Rd3 47. Bb7 Bc7 48. Kg2 Rg3+ 49. Kf2 Rxh3 50. Rd4 Rh2+ 51. Kg1 f5 52. Rd7
h5 53. Rxc7 Kxc7 54. Kxh2 Kd6 55. Kg3 Ke5 56. Bf3 h4+ 57. Kf2 g4 58. Be2 Kf4
59. Bd1 h3 60. Be2 g3+ 61. Kg1 Ke3 62. Bc4 e5 63. Be6 Kf3 64. Bd5+ e4 65. Bc4
h2+ 66. Kh1 g2+ 67. Kxh2 Kf2 68. Kh3 g1=Q 69. Kh4 e3 70. Kh5 Qg4+ 71. Kh6 Qxc4
0-1

[Event "Ì11Ï"]
[Site "Loo"]
[Date "2017.04.28"]
[Round "9.5"]
[White "Øóøóíîâ, Àëåêñåé."]
[Black "Êóçüìèíûõ, Íèêèòà."]
[Result "1/2-1/2"]
[WhiteElo "1394"]
[BlackElo "1585"]
[PlyCount "149"]
[EventDate "2017.04.20"]

1. d4 d5 2. c4 e6 3. g3 Nf6 4. Bg2 dxc4 5. Nf3 Bd6 6. Nc3 O-O 7. O-O Nd5 8. e4
Nxc3 9. bxc3 c6 10. Be3 Nd7 11. Nd2 c5 12. Nxc4 cxd4 13. cxd4 Nb6 14. Nxd6 Qxd6
15. Qe2 Qe7 16. Rac1 Bd7 17. Rfd1 Ba4 18. Re1 Rfd8 19. h4 Rac8 20. h5 h6 21.
Qd3 a6 22. d5 Bb5 23. Qb3 Nc4 24. Rcd1 Nxe3 25. Rxe3 Bc4 26. Qb2 Qg5 27. Qxb7
Qxh5 28. Bf3 Qe5 29. Kg2 Rb8 30. Qc6 Rdc8 31. Qa4 Bb5 32. Qd4 Qxd4 33. Rxd4 Rc4
34. Rd2 Rd8 35. Be2 Rc5 36. Bxb5 Rxb5 37. Red3 exd5 38. exd5 f6 39. Kf3 Kf7 40.
Ke4 g6 41. g4 Re8+ 42. Kd4 Rd8 43. Kc4 Rc8+ 44. Kd4 Rb4+ 45. Ke3 Rxg4 46. Ra3
Re8+ 47. Kf3 Ree4 48. Rxa6 Ref4+ 49. Ke3 Re4+ 50. Kf3 Ref4+ 51. Ke2 Re4+ 52.
Kf1 Rd4 53. Ra7+ Ke8 54. Rb2 Rb4 55. Re2+ Rge4 56. Rc2 Rec4 57. Rd2 Rd4 58. Rc2
Rdc4 59. Re2+ Re4 60. Rxe4+ Rxe4 61. f3 Rd4 62. Rg7 g5 63. Rg6 Rxd5 64. Rxf6
Ra5 65. Rxh6 Rxa2 66. Rh5 Ra5 67. Kg2 Kf7 68. Kg3 Kg6 69. Rh8 Kg7 70. Rd8 Kg6
71. Rf8 Ra4 72. Rg8+ Kf5 73. Rh8 Ra5 74. Re8 Rb5 75. Re4 1/2-1/2

[Event "Ì11Ï"]
[Site "Loo"]
[Date "2017.04.28"]
[Round "9.6"]
[White "Êè÷èí, Àëåêñàíäð."]
[Black "Ãðèùåíêî, Àðò¸ì."]
[Result "1-0"]
[WhiteElo "1576"]
[BlackElo "1384"]
[PlyCount "75"]
[EventDate "2017.04.20"]

1. e4 e5 2. Nf3 Nc6 3. Bb5 a6 4. Ba4 Nf6 5. O-O Be7 6. d3 d6 7. c3 O-O 8. Nbd2
Re8 9. Re1 Bf8 10. Nf1 h6 11. Ng3 b5 12. Bb3 Na5 13. Bc2 c5 14. a4 Bb7 15. Nf5
Nc6 16. N3h4 d5 17. Qe2 d4 18. f4 exf4 19. Qf1 g5 20. Nf3 Ne5 21. Kh1 Bc6 22.
cxd4 Nxf3 23. gxf3 cxd4 24. Qh3 Kh7 25. Rg1 Ng8 26. Qg4 Nf6 27. Qh3 Ng8 28. Qg2
Nf6 29. Qh3 Ng8 30. Qg2 Nf6 31. h4 Nh5 32. hxg5 hxg5 33. Qh2 Kg6 34. Bxf4 Nxf4
35. Qxf4 f6 36. Nh4+ Kh6 37. Qf5 Bg7 38. Qg6# 1-0

[Event "Ì11Ï"]
[Site "Loo"]
[Date "2017.04.28"]
[Round "9.7"]
[White "Êî÷åòîâ, Âÿ÷åñëàâ."]
[Black "Åôèìîâ, Ëåîíèä."]
[Result "0-1"]
[WhiteElo "1561"]
[BlackElo "1287"]
[PlyCount "142"]
[EventDate "2017.04.20"]

1. d4 e6 2. Nc3 d5 3. e4 Bb4 4. Bd3 c5 5. Bb5+ Bd7 6. Bxd7+ Qxd7 7. Nge2 dxe4
8. dxc5 Qxd1+ 9. Kxd1 f5 10. Nb5 Na6 11. Ned4 Ke7 12. Ke2 Bxc5 13. Be3 Nf6 14.
a3 h6 15. h4 Nd5 16. c4 Nxe3 17. fxe3 g5 18. b4 Bb6 19. g3 Bc7 20. Nxc7 Nxc7
21. Rh2 gxh4 22. Rxh4 Raf8 23. Rf1 Rh7 24. Rhf4 Rhf7 25. R4f2 Ne8 26. c5 Ng7
27. Nb5 Nh5 28. Rg1 Rf6 29. Nd6 b6 30. Kf1 Rb8 31. Kg2 bxc5 32. bxc5 Rb3 33.
Re1 Rc3 34. Rb2 Rxc5 35. Nb5 a6 36. Nd4 Rc7 37. Rf1 Ng7 38. Ne2 e5 39. Rfb1
Rfc6 40. Kf2 Ne6 41. Rb7 Nc5 42. Rxc7+ Rxc7 43. Rb6 Ne6 44. Rxa6 Kd7 45. a4 Rc6
46. Ra7+ Nc7 47. Rb7 Kc8 48. Rb3 Ra6 49. Rc3 Kd7 50. Rb3 Rxa4 51. Rb6 Ra6 52.
Rb8 Ke7 53. Rh8 Rf6 54. Rh7+ Kd6 55. Rh8 Ne6 56. Ra8 Nc5 57. Rb8 Nd3+ 58. Kg2
Ke7 59. Rb1 Ke6 60. Rb6+ Kf7 61. Rb7+ Kg6 62. Rb5 Rc6 63. Ra5 Rb6 64. Ra1 Kf6
65. Kg1 Ke6 66. Kg2 Kd5 67. Kf1 Kc4 68. Kg2 Rb2 69. Kf1 Kb3 70. Rd1 Kc2 71. Ra1
Kd2 0-1

[Event "Ì11Ï"]
[Site "Loo"]
[Date "2017.04.28"]
[Round "9.8"]
[White "Ãàãàðèíîâ, Àíäðåé."]
[Black "Áóíèí, Ñåðàôèì."]
[Result "0-1"]
[WhiteElo "1297"]
[BlackElo "1502"]
[PlyCount "80"]
[EventDate "2017.04.20"]

1. e4 c5 2. Nf3 Nc6 3. d4 cxd4 4. Nxd4 e5 5. Nf3 Nf6 6. Bg5 Be7 7. Bxf6 Bxf6 8.
Nc3 d6 9. Nd5 Bg4 10. c3 Be7 11. Bc4 Rc8 12. Bb3 O-O 13. O-O Be6 14. Ne1 Re8
15. Nc2 Bf8 16. Nce3 Kh8 17. Kh1 Ne7 18. Nxe7 Bxe7 19. Bd5 Rc7 20. Qe2 Bg5 21.
Rad1 Bxe3 22. Qxe3 b6 23. Rd3 Qe7 24. Rfd1 Rd8 25. Qd2 Bxd5 26. Rxd5 Rcd7 27.
Qc2 Qf6 28. Kg1 Kg8 29. g3 Kf8 30. f4 exf4 31. e5 Qe6 32. Qxh7 dxe5 33. Rxd7
Rxd7 34. Rxd7 Qxd7 35. Qh8+ Ke7 36. Qxg7 Qd1+ 37. Kg2 f3+ 38. Kh3 Qd7+ 39. Kh4
Qf5 40. g4 Qf4 0-1

[Event "Ì11Ï"]
[Site "Loo"]
[Date "2017.04.28"]
[Round "9.9"]
[White "Ñâèðèäîâ, Ìàêñèì."]
[Black "Êîïûëîâ, Àðò¸ì."]
[Result "0-1"]
[WhiteElo "1377"]
[BlackElo "1481"]
[PlyCount "88"]
[EventDate "2017.04.20"]

1. e4 c5 2. Nf3 e6 3. d4 cxd4 4. Nxd4 Nf6 5. Nc3 d6 6. Be2 Be7 7. Be3 O-O 8.
O-O Nc6 9. f4 a6 10. Bf3 Qc7 11. Qe1 Rd8 12. Qe2 e5 13. Nb3 exf4 14. Bxf4 Ne5
15. h3 Bd7 16. Kh1 Rac8 17. Rac1 Bc6 18. Nd4 Ng6 19. Bh2 Qb6 20. Nxc6 bxc6 21.
Na4 Qb7 22. c4 Ne5 23. b3 Nfd7 24. Bg4 Nxg4 25. Qxg4 Nf6 26. Qe2 Re8 27. Qf3
Bf8 28. Rfe1 Re6 29. e5 Rce8 30. Nc3 dxe5 31. Ne4 Nxe4 32. Qxe4 Bd6 33. c5 Bc7
34. b4 Rd8 35. Rcd1 Rd4 36. Rxd4 exd4 37. Qb1 Bxh2 38. Kxh2 Rxe1 39. Qxe1 Qd7
40. Kg1 d3 41. Qd2 f6 42. Kf2 Qd4+ 43. Kf3 Kf7 44. Qe3 Qd5+ 0-1

[Event "Ì11Ï"]
[Site "Loo"]
[Date "2017.04.28"]
[Round "9.10"]
[White "×ûíäûãûð, Òàìåðëàí."]
[Black "Çåíêîâ, Ìàêñèì."]
[Result "1/2-1/2"]
[WhiteElo "1720"]
[BlackElo "1408"]
[PlyCount "135"]
[EventDate "2017.04.20"]

1. d4 e6 2. c4 f5 3. Bf4 c6 4. Nc3 Nf6 5. Nf3 d5 6. e3 Be7 7. Bd3 Nbd7 8. O-O
Ne4 9. Ne5 O-O 10. f3 Nxe5 11. Bxe5 Nd6 12. b3 Qe8 13. Kh1 Nf7 14. Bg3 Bf6 15.
cxd5 exd5 16. Re1 Qd7 17. Na4 b6 18. b4 Bb7 19. Qc2 g6 20. Rab1 Rac8 21. Rec1
Rfe8 22. Qd2 Re7 23. b5 Qe8 24. Bf2 Bg5 25. f4 Bf6 26. bxc6 Bxc6 27. Nc3 Nd6
28. Qb2 Rec7 29. Ba6 Bb7 30. Bxb7 Rxb7 31. Nxd5 Bg7 32. Qb3 Kh8 33. Be1 Ne4 34.
Bb4 Rbb8 35. Qa3 Rxc1+ 36. Rxc1 Rc8 37. Nc7 Qd7 38. Qxa7 Nf2+ 39. Kg1 Nd3 40.
Rb1 Qxc7 41. Qxc7 Rxc7 42. Kf1 Nxb4 43. Rxb4 Rc1+ 44. Ke2 Rc2+ 45. Kf3 Rxa2 46.
Rxb6 Ra8 47. g4 Kg8 48. gxf5 gxf5 49. Rb5 Ra3 50. Rb4 Kf7 51. Kf2 Ra2+ 52. Kg3
Re2 53. Rb3 Bf6 54. h3 Re1 55. Rb7+ Kg6 56. Kf3 Bh4 57. Rb6+ Kh5 58. Rb5 Rf1+
59. Ke2 Rf2+ 60. Kd3 Rf3 61. Rxf5+ Kg6 62. Rb5 Rxh3 63. Ke2 h5 64. d5 Rh2+ 65.
Kf3 Rd2 66. Rb6+ Kf7 67. Ke4 Be7 68. Rb1 1/2-1/2

[Event "Ì11Ï"]
[Site "Loo"]
[Date "2017.04.28"]
[Round "9.11"]
[White "Öûáåíîâ, Àðñëàí."]
[Black "Ðàêèòèí, Äàíèèë."]
[Result "1/2-1/2"]
[WhiteElo "1425"]
[BlackElo "1663"]
[PlyCount "182"]
[EventDate "2017.04.20"]

1. e4 e6 2. d4 d5 3. Nc3 Bb4 4. exd5 exd5 5. Nf3 Nf6 6. Bg5 Be6 7. Bd3 Nbd7 8.
O-O c6 9. Re1 O-O 10. Ne5 Be7 11. Nxd7 Nxd7 12. Bxe7 Qxe7 13. f4 Qf6 14. Rf1
Bf5 15. Bxf5 Qxf5 16. Qd2 Nb6 17. b3 Nd7 18. Rae1 Rad8 19. Ne2 Rfe8 20. Ng3 Qf6
21. Kh1 g6 22. f5 Qg7 23. c3 f6 24. fxg6 hxg6 25. Qf4 Rxe1 26. Rxe1 Nb6 27. Re6
Rf8 28. Qe3 Nc8 29. Re8 Nd6 30. Qe6+ Kh8 31. Qh3+ Kg8 32. Qe6+ Nf7 33. Re7 Qh6
34. Qxf6 Qc1+ 35. Qf1 Qxc3 36. Qf6 Qc1+ 37. Nf1 Qh6 38. Qe6 Qf4 39. Qxg6+ Kh8
40. Ne3 Qxd4 41. h3 Qg7 42. Qxg7+ Kxg7 43. Rxb7 Re8 44. Ng4 Kg6 45. Rxa7 Re1+
46. Kh2 Ng5 47. Ra6 Rc1 48. Ne5+ Kf5 49. Rxc6 Ra1 50. Nd7 Rxa2 51. Rc5 Ke6 52.
Nb6 Rd2 53. b4 Ne4 54. Rc6+ Ke5 55. Nd7+ Kf4 56. b5 Rb2 57. b6 d4 58. Rc4 Ke3
59. Ne5 Rxb6 60. Rc1 Re6 61. Re1+ Kf4 62. Nd3+ Kf5 63. g3 Kf6 64. Rf1+ Kg5 65.
h4+ Kg4 66. Rf4+ Kh5 67. Kh3 Kg6 68. g4 Ng5+ 69. Kg2 Ne4 70. Nf2 Nxf2 71. Kxf2
Rd6 72. Ke2 d3+ 73. Kd2 Rd8 74. Rf3 Rd4 75. Rg3 Kh6 76. g5+ Kg6 77. Rh3 Kh5 78.
Rh2 Rd7 79. Rh3 Ra7 80. Rxd3 Kxh4 81. g6 Ra2+ 82. Ke3 Rg2 83. Rd6 Kh5 84. Kf4
Rg4+ 85. Kf5 Rg5+ 86. Kf4 Rg4+ 87. Kf5 Rg5+ 88. Kf4 Rg1 89. Kf5 Rg5+ 90. Kf4
Rxg6 91. Rxg6 Kxg6 1/2-1/2

[Event "Ì11Ï"]
[Site "Loo"]
[Date "2017.04.28"]
[Round "9.12"]
[White "Ìî÷àëîâ, Äìèòðèé."]
[Black "Ãàëèåâ, Ýðíåñò."]
[Result "1-0"]
[WhiteElo "1657"]
[BlackElo "1324"]
[PlyCount "195"]
[EventDate "2017.04.20"]

1. e4 e6 2. d4 d5 3. Nc3 Nf6 4. Bg5 Be7 5. e5 Nfd7 6. h4 a6 7. Qg4 f5 8. Qh5+
g6 9. Qh6 Bxg5 10. hxg5 Qe7 11. Nf3 Qf8 12. O-O-O Qxh6 13. Rxh6 c5 14. dxc5 Nc6
15. Re1 Nxc5 16. Ne2 Ne4 17. Nf4 Ne7 18. Nh4 Nxg5 19. Nhxg6 Nxg6 20. Nxg6 Nf7
21. Nxh8 Nxh6 22. Bd3 Kf8 23. Rh1 Kg7 24. Rxh6 Kxh6 25. Nf7+ Kg6 26. Nd6 Kg5
27. Kd2 b5 28. Kc3 Bd7 29. Kd4 Be8 30. Nxe8 Rxe8 31. Kc5 Kf4 32. Kd6 Rg8 33.
Kxe6 Re8+ 34. Kxd5 Rxe5+ 35. Kc6 Kg4 36. c4 bxc4 37. Bxc4 a5 38. a3 Kf4 39. b4
Ke4 40. b5 Kd4 41. Bg8 Rc5+ 42. Kb6 Rc3 43. a4 Ra3 44. Kxa5 Kc5 45. Bxh7 Rd3
46. Bxf5 Rd8 47. Be4 Rd7 48. Ka6 Rd4 49. Bc6 Rxa4+ 50. Kb7 Ra2 51. f4 Rf2 52.
g3 Re2 53. Kc7 Rb2 54. f5 Rb3 55. f6 Rxg3 56. b6 Rg6 57. b7 Rxf6 58. b8=Q Rxc6+
59. Kd7 Rg6 60. Qe5+ Kb6 61. Qd4+ Ka5 62. Qc3+ Kb6 63. Qb2+ Ka6 64. Qa2+ Kb7
65. Qb1+ Rb6 66. Qe4+ Kb8 67. Qe8+ Ka7 68. Kc7 Rb7+ 69. Kc6 Rb6+ 70. Kc5 Rh6
71. Qe7+ Ka6 72. Qe2+ Ka7 73. Qa2+ Kb7 74. Qb3+ Ka7 75. Qa4+ Ra6 76. Qd7+ Ka8
77. Qc8+ Ka7 78. Qc7+ Ka8 79. Kb5 Rb6+ 80. Kc5 Rb5+ 81. Kd4 Rd5+ 82. Ke4 Rd4+
83. Kf5 Rd5+ 84. Ke6 Rb5 85. Qc6+ Rb7 86. Kd6 Ka7 87. Qa4+ Kb6 88. Qb3+ Ka7 89.
Qa4+ Kb6 90. Qb4+ Ka7 91. Qa5+ Kb8 92. Kc6 Rb1 93. Qd8+ Ka7 94. Qd4+ Ka8 95.
Kc7 Rc1+ 96. Kb6 Rb1+ 97. Ka6 Kb8 98. Qd8# 1-0

[Event "Ì11Ï"]
[Site "Loo"]
[Date "2017.04.28"]
[Round "9.13"]
[White "Áîëäûðåâ, Ãëåá."]
[Black "Îñèïåíêî, Èâàí."]
[Result "1/2-1/2"]
[WhiteElo "1500"]
[BlackElo "1390"]
[PlyCount "78"]
[EventDate "2017.04.20"]

1. e4 e6 2. d4 d5 3. Nc3 Ne7 4. Nf3 dxe4 5. Nxe4 Nf5 6. c3 Be7 7. Bd3 b6 8. Bf4
Bb7 9. Qe2 Nd7 10. Rd1 Nf6 11. Nxf6+ gxf6 12. Bxf5 exf5 13. Qb5+ Qd7 14. Qxd7+
Kxd7 15. Nh4 Rae8 16. Kd2 Rhg8 17. f3 Ba6 18. Rhg1 Bc4 19. b3 Be6 20. Kc2 Kc8
21. Rd2 Bd7 22. Rgd1 Bd6 23. Bxd6 cxd6 24. f4 Bc6 25. d5 Bd7 26. g3 Kc7 27. Kd3
Re4 28. Re2 Rxe2 29. Kxe2 Re8+ 30. Kd2 b5 31. Nf3 Kb6 32. Rc1 Re4 33. a3 Bc8
34. Nd4 a5 35. Kd3 Bd7 36. Rf1 Re8 37. c4 bxc4+ 38. Kxc4 Re3 39. Rd1 h6 1/2-1/2

[Event "Ì11Ï"]
[Site "Loo"]
[Date "2017.04.28"]
[Round "9.14"]
[White "Äîâáíÿ, Íèêèòà."]
[Black "Êðîòîâ, Äàìèàí."]
[Result "1/2-1/2"]
[WhiteElo "1408"]
[BlackElo "1466"]
[PlyCount "111"]
[EventDate "2017.04.20"]

1. e4 g6 2. Nf3 c6 3. d4 d5 4. e5 Bg4 5. h3 Bxf3 6. Qxf3 e6 7. g3 Bg7 8. c3 Nd7
9. Bg2 c5 10. O-O cxd4 11. cxd4 Qb6 12. Rd1 Ne7 13. Qe2 Nc6 14. Be3 O-O 15. Nc3
a6 16. Rac1 Rfc8 17. Qd2 Rc7 18. Ne2 Rac8 19. b3 Bf8 20. Qb2 Qa5 21. a4 Qb4 22.
Bd2 Qb6 23. Kh2 Nb4 24. Bxb4 Bxb4 25. Rxc7 Rxc7 26. Rc1 Ba5 27. f4 Rxc1 28.
Nxc1 Qb4 29. Ne2 Qd2 30. Qxd2 Bxd2 31. Kg1 Be3+ 32. Kf1 Nb8 33. Ke1 Nc6 34. Kd1
Nxd4 35. Nxd4 Bxd4 36. Ke2 Kf8 37. g4 Ke7 38. Kd3 Bc5 39. Bf3 h6 40. h4 Bf2 41.
h5 gxh5 42. gxh5 f6 43. exf6+ Kxf6 44. Bg4 a5 45. Bh3 b6 46. Bg4 e5 47. fxe5+
Kxe5 48. Bf3 Kd6 49. Bg4 Kc5 50. Bf5 Kb4 51. Kc2 d4 52. Bd3 Be3 53. Bg6 b5 54.
axb5 Kxb5 55. Kd3 Kb4 56. Kc2 1/2-1/2

[Event "Ì11Ï"]
[Site "Loo"]
[Date "2017.04.28"]
[Round "9.15"]
[White "Êóëàêîâ, Òèìîôåé."]
[Black "Êàðïåíöåâ, Ìèõàèë."]
[Result "1/2-1/2"]
[WhiteElo "1392"]
[BlackElo "1465"]
[PlyCount "50"]
[EventDate "2017.04.20"]

1. e4 e6 2. d4 d5 3. Nd2 Nf6 4. e5 Nfd7 5. Bd3 c5 6. c3 Nc6 7. Ndf3 Qb6 8. Ne2
cxd4 9. cxd4 Be7 10. O-O O-O 11. b3 Rd8 12. Bb2 Nf8 13. Rc1 Bd7 14. Qd2 Rac8
15. Bb1 f6 16. exf6 Bxf6 17. Rfe1 Be8 18. Nf4 Bf7 19. Bc3 Be7 20. Bb2 Bb4 21.
Bc3 Ba3 22. Bb2 Bb4 23. Bc3 Ba3 24. Bb2 Bb4 25. Bc3 Ba3 1/2-1/2

[Event "Ì11Ï"]
[Site "Loo"]
[Date "2017.04.28"]
[Round "9.16"]
[White "Ðàæáàäèíîâ, Ðàñóë."]
[Black "×åðòêîâ, Ìàêñèì."]
[Result "0-1"]
[WhiteElo "1442"]
[BlackElo "1368"]
[PlyCount "72"]
[EventDate "2017.04.20"]

1. e4 e5 2. Nf3 Nc6 3. Bb5 a6 4. Ba4 Nf6 5. O-O Be7 6. Re1 b5 7. Bb3 d6 8. c3
O-O 9. h3 Bb7 10. d4 Na5 11. Bc2 Re8 12. Nbd2 exd4 13. cxd4 Nd7 14. Nf1 Bf6 15.
Ng3 g6 16. d5 Nc4 17. Rb1 c6 18. b3 Nce5 19. dxc6 Bxc6 20. Qxd6 Nxf3+ 21. gxf3
Ne5 22. Rd1 Nxf3+ 23. Kf1 Nd4 24. Qf4 Be5 25. Qd2 Nxc2 26. Qxc2 Qc8 27. Kg1
Bxg3 28. fxg3 Qxh3 29. Qxc6 Qxg3+ 30. Kh1 Qf3+ 31. Kh2 Qe2+ 32. Kg3 Qxd1 33.
Qc3 Rxe4 34. Bb2 Qg4+ 35. Kf2 Re2+ 36. Kf1 Qg2# 0-1

[Event "Ì11Ï"]
[Site "Loo"]
[Date "2017.04.28"]
[Round "9.17"]
[White "Øîâêàíü, Òàðàñ."]
[Black "Ñåðåáðÿêîâ, Ñàââà."]
[Result "1/2-1/2"]
[WhiteElo "1278"]
[BlackElo "1432"]
[PlyCount "83"]
[EventDate "2017.04.20"]

1. e4 c5 2. Nc3 e6 3. g3 Nc6 4. Bg2 g6 5. Nf3 Bg7 6. d3 Nge7 7. Be3 d6 8. Qd2
a6 9. a4 Nd4 10. O-O O-O 11. Bh6 Nxf3+ 12. Bxf3 Nc6 13. Bxg7 Kxg7 14. Bg2 Nd4
15. Ne2 Nxe2+ 16. Qxe2 Re8 17. Kh1 d5 18. f4 d4 19. b3 Bd7 20. e5 Qc7 21. Be4
Bc6 22. Qf3 Rac8 23. Rae1 Bxe4 24. Qxe4 Qc6 25. Qxc6 Rxc6 26. Kg2 b5 27. axb5
axb5 28. Ra1 c4 29. Rfc1 cxb3 30. cxb3 Rc3 31. Rxc3 dxc3 32. Kf3 Rc8 33. Ke3 b4
34. Ke2 h5 35. Kd1 Rd8 36. Kc2 Rd7 37. Ra6 Rb7 38. Ra5 Kh7 39. Kc1 Kh6 40. h4
Kg7 41. Kc2 Kh7 42. Kc1 1/2-1/2

[Event "Ì11Ï"]
[Site "Loo"]
[Date "2017.04.28"]
[Round "9.18"]
[White "Õàððàñîâ, Äìèòðèé."]
[Black "Ìèõàéëåíêî, Íèêèòà."]
[Result "1-0"]
[WhiteElo "1232"]
[BlackElo "1428"]
[PlyCount "71"]
[EventDate "2017.04.20"]

1. Nf3 d5 2. b3 c5 3. e3 Nf6 4. Bb2 e6 5. Be2 Be7 6. O-O O-O 7. d3 Nc6 8. Ne5
Nxe5 9. Bxe5 Nd7 10. Bb2 f5 11. f4 Bf6 12. d4 Nb8 13. Nd2 Nc6 14. Nf3 cxd4 15.
exd4 Bd7 16. Ne5 Bxe5 17. fxe5 a5 18. Ba3 Rf7 19. c3 Qg5 20. Rf3 f4 21. Bd3 Na7
22. h4 Qh6 23. Qd2 Nb5 24. Bc5 g6 25. a4 Nc7 26. Raf1 Qxh4 27. Rxf4 Qg5 28. Qc1
Rxf4 29. Rxf4 h6 30. Qf1 Be8 31. Bd6 Qd8 32. Rf8+ Kh7 33. Bxc7 Qxc7 34. Qf6 Qg7
35. Bxg6+ Bxg6 36. Qxg7+ 1-0

[Event "Ì11Ï"]
[Site "Loo"]
[Date "2017.04.28"]
[Round "9.20"]
[White "ßðèêîâ, Àðòåì."]
[Black "Ãðèøèí, ßðîñëàâ."]
[Result "1/2-1/2"]
[WhiteElo "1478"]
[BlackElo "1296"]
[PlyCount "64"]
[EventDate "2017.04.20"]

1. e4 e5 2. Nf3 Nc6 3. Bb5 a6 4. Bxc6 dxc6 5. d3 f6 6. Be3 c5 7. Nbd2 Be6 8. b3
Qd7 9. h3 O-O-O 10. Qe2 Bd6 11. O-O-O Ne7 12. Nc4 Nc6 13. c3 Qe7 14. Rhe1 Rhe8
15. Kb1 Qf7 16. Kc1 g5 17. Nh2 Qg6 18. g4 Bxc4 19. bxc4 Qf7 20. Qb2 Qd7 21. Qa3
Qe7 22. f3 Nb8 23. Qb3 Qd7 24. Nf1 Qc6 25. Ng3 Nd7 26. Nf5 Nf8 27. Ng7 Re7 28.
Nf5 Ree8 29. Ng7 Re7 30. Nf5 Ree8 31. Ng7 Re7 32. Nf5 Ree8 1/2-1/2

[Event "Ì11Ï"]
[Site "Loo"]
[Date "2017.04.28"]
[Round "9.21"]
[White "Íàóìîâ, Àðòåì."]
[Black "Ñàïðûêèí, Àëåêñåé."]
[Result "0-1"]
[WhiteElo "1477"]
[BlackElo "1352"]
[PlyCount "110"]
[EventDate "2017.04.20"]

1. e4 c5 2. Nf3 d6 3. c3 Nf6 4. h3 Nc6 5. Bd3 g6 6. Bc2 Bg7 7. O-O O-O 8. d4
cxd4 9. cxd4 d5 10. e5 Ne4 11. Re1 f5 12. Be3 Be6 13. Nbd2 Nxd2 14. Qxd2 Bf7
15. Bh6 Be6 16. Bxg7 Kxg7 17. Ng5 Qd7 18. Rad1 h6 19. Nf3 Rac8 20. Ba4 Rc7 21.
b4 a6 22. Rc1 b5 23. Bb3 Rfc8 24. a3 a5 25. bxa5 Nxa5 26. Ba2 Nc4 27. Bxc4 dxc4
28. Re3 Bd5 29. Ne1 e6 30. Rg3 Rc6 31. h4 Qc7 32. h5 g5 33. Qc3 Be4 34. f4 g4
35. Nf3 Qd8 36. Nd2 Bd3 37. Nf3 Kf7 38. Ne1 Be4 39. Nc2 Bxc2 40. Rxc2 Qb6 41.
Rb2 Rd8 42. Rd2 Rc7 43. Qb4 Rcd7 44. a4 Rxd4 45. Rxd4 Rxd4 46. Kh2 Rd5 47. axb5
Qxb5 48. Qa3 Rd3 49. Qa8 Rd4 50. Qa7+ Qd7 51. Ra3 Kg7 52. Qb8 Qe7 53. Ra7 Rd7
54. Ra4 Qh4+ 55. Kg1 Rd1# 0-1

[Event "Ì11Ï"]
[Site "Loo"]
[Date "2017.04.28"]
[Round "9.22"]
[White "Ñìîëêîâ, Ï¸òð."]
[Black "Áàëàÿí, Ýäóàðä."]
[Result "0-1"]
[WhiteElo "1096"]
[BlackElo "1473"]
[PlyCount "54"]
[EventDate "2017.04.20"]

1. e4 c5 2. Nf3 e6 3. d4 cxd4 4. Nxd4 Nf6 5. Nc3 Bb4 6. Qf3 Qa5 7. Bd2 a6 8. a3
Qe5 9. Nxe6 dxe6 10. axb4 Nc6 11. b5 Nd4 12. Qd3 O-O 13. bxa6 bxa6 14. f4 Qc5
15. Rc1 Rd8 16. Qg3 Nb5 17. f5 Rxd2 18. Kxd2 Nxc3 19. bxc3 Nxe4+ 20. Ke2 Nxg3+
21. hxg3 Qe5+ 22. Kd2 Bb7 23. fxe6 fxe6 24. Bd3 Rd8 25. Rxh7 Rxd3+ 26. cxd3
Kxh7 27. Rh1+ Kg8 0-1